000 00961nam a22002537a 4500
005 20240530110534.0
008 160328s2012 ua a g 000 0 ara d
017 _a2012/13134
_bمصر . دار الكتب المصرية
020 _a9789774956138
040 _aEG-CaGPL
082 0 4 _221
_a020\
_bم م
100 0 _aمحمد فتحى عبدالهادى .
245 1 2 _aالمعلومات و مؤسساتها فى البيئة الرقمية /
_cتاليف محمد فتحى عبدالهادى .
250 _aط1.
260 _aالقاهرة :
_bدار العالم العربى ،
_c2012 .
300 _a211 ص ؛
_c24 سم .
650 0 4 _aالمكتبات ، علم .
650 0 4 _aالمكتبات الرقمية .
650 0 4 _aالدوريات الالكترونية .
650 0 4 _aالحاسبات الالكترونية .
650 0 4 _aنظم المعلومات .
942 _2ddc
_cBK
999 _c62156
_d62156